000 00284nam a22001337a 4500
003 SGT
082 _a617
_bD09A
100 _aADELOYE, ADELOLA
245 _aDAVEY'S COMPANION TO SURGERY IN AFRICA
250 _a3RD
260 _aNIGERIA
_bAMP
_c2009
300 _a472
942 _2ddc
_cBK
999 _c14051
_d14051